Statistics for Countries With The Fewest Borders

Click here to take the quiz!

General Stats

  • This quiz has been taken 77 times
    (70 since last reset)
  • The average score is 58 of 72

Answer Stats

Borders Country % Correct
2Sweden
98%
1South Korea
97%
1Haiti
97%
3Norway
95%
1Canada
95%
1Lesotho
95%
2Panama
95%
1San Marino
95%
1United Kingdom
94%
1Denmark
94%
1Dominican Republic
94%
1Ireland
94%
1Portugal
94%
1Vatican City
94%
2Andorra
92%
2United States
92%
1Qatar
91%
3Finland
91%
2Belize
91%
1Monaco
91%
2Estonia
89%
1Papua New Guinea
89%
3Honduras
88%
2Nicaragua
88%
2Ecuador
88%
1Gambia
88%
3Suriname
86%
3Chile
86%
3Oman
86%
2Costa Rica
86%
2Yemen
86%
2Nepal
86%
1East Timor
86%
2United Arab Emirates
85%
3Djibouti
85%
2El Salvador
85%
2Bhutan
85%
2Liechtenstein
83%
2Kuwait
83%
3Guyana
83%
3Mexico
82%
2Swaziland
82%
2Uruguay
82%
1Brunei
82%
3Togo
80%
2Tunisia
78%
3North Korea
77%
3Vietnam
77%
2Mongolia
77%
2Netherlands
75%
3Luxembourg
74%
3Burundi
71%
2Equatorial Guinea
71%
2Guinea-Bissau
71%
2Lebanon
71%
3Morocco
71%
3Cambodia
69%
2Bangladesh
69%
3Paraguay
69%
3Malaysia
69%
3Indonesia
69%
3Eritrea
69%
3Ghana
66%
2Moldova
62%
3Egypt
60%
3Liberia
58%
3Gabon
58%
2Sierra Leone
58%
3Somalia
55%
3Venezuela
54%
3Malawi
52%
3Bosnia and Herzegovina
32%

Score Distribution

Percentile by Number Answered

Percent of People with Each Score

Your Score History

You have not taken this quiz since the last reset